Benedicti XIV Pont. Opt. Max. olim Prosperi cardinalis de Lambertinis Opera omnia in unum corpus collecta, et nunc primum in quindecim tomus distributae

Detalles Bibliográficos
Autor principal: Benedicto XIV, papa (1675-1758)
Formato: Libro
Lenguaje:Undetermined
Latin
Publicado: Bassani : in typographia Bassanensi ; sumptibus Remondini Veneti, 1767.
Edición:Editio novissima
Materias:
Colección:Banco de datos
Acervo:Biblioteca Palafoxiana. Colección bibliográfica
Descripción Física:15 t. : il. ; f°
Tema general:Pontífices
Notas:Incluye frontispicio. Incluye ilustraciones en grabado calcográfico. Ex libris manuscrito: rúbrica. Sello en tinta: Contraloría de la Federación. Daños de polilla. Número de localización: t.1 (32727, 32720, 13868); t.2 (32727, 32720, 13868); t.3 (32728, 1
LEADER 00932nam a2200181Ia 4500
008 150723s9999 xx 000 0 und d
041 0 |a lat 
050 0 |a PAFX BX2030 B4 
100 1 |a Benedicto XIV, papa (1675-1758) 
245 1 0 |a Benedicti XIV Pont. Opt. Max. olim Prosperi cardinalis de Lambertinis Opera omnia in unum corpus collecta, et nunc primum in quindecim tomus distributae 
250 |a Editio novissima 
260 |a Bassani : in typographia Bassanensi ; sumptibus Remondini Veneti, 1767. 
300 |a 15 t. : il. ; f° 
500 |a Incluye frontispicio. Incluye ilustraciones en grabado calcográfico. Ex libris manuscrito: rúbrica. Sello en tinta: Contraloría de la Federación. Daños de polilla. Número de localización: t.1 (32727, 32720, 13868); t.2 (32727, 32720, 13868); t.3 (32728, 1 
650 1 0 |a Pontífices 
942 |c PALALIB 
943 |g Biblioteca Palafoxiana. Colección bibliográfica 
999 |c 1057575  |d 1057575